00691 2200217 4500001002100000005001700021008004100038035002400079082001100103090002100114100005200135245010300187250001100290260004100301300002500342650005500367850001500422980001500437985000600452999001500458YOGYA-0209000002385620090227023818.0 ind  0010-020900000023856 a351.72 a351.72bInd KlR aINDONESIA. Presiden [Keputusan, Instruksi dsb.] aKeputusan Presiden RI No. 14 tahun 1979 tentang pelaksanaan anggaran pendapatan dan belanja negara aCet. 1 aJakartabYayasan Dharma Negarac1979 a150 hlmbilusc21 cm aAnggaran Pendapatan dan Belanja Negara - Keputusan aYOPDYOG(B) a03-02-2007 a1 a06A0021735